Jednosmerná elektroluminiscencia pri rozhraní kov-polovodič v tenkovrstvových štruktúrach na báze ZnS : Habil.práca : Obh. 13.05.1978 /

Enregistré dans:
Détails bibliographiques
Auteur principal: Vaněk, Oldřich (Auteur)
Format: Manuscrit Livre
Publié: Bratislava : SVŠT v Bratislave EF, 1977
Tags: Ajouter un tag
Pas de tags, Soyez le premier à ajouter un tag!

MARC

LEADER 00000ntm a22000003a 4500
001 stu7313
005 20150617225809.7
008 ------s1977----------------------------d
040 |a STU  |b slo 
041 0
100 1 |a Vaněk, Oldřich  |4 aut  |u E210  |U FEI Fakulta elektrotechniky a informatiky  |T FEI Katedra mikroelektroniky  |U E210  |Y 68 
245 1 |a Jednosmerná elektroluminiscencia pri rozhraní kov-polovodič v tenkovrstvových štruktúrach na báze ZnS :  |b Habil.práca : Obh. 13.05.1978 /  |c [aut.] Vaněk,Oldřich, Ing. CSc 
260 |a Bratislava :  |b SVŠT v Bratislave EF,  |c 1977 
300 |a 88 s 
996 |b 284ED01019  |c E*HABIL-47  |l EE01  |s A  |a 24  |w stu7313_0001